Основные правила оформления списка литературы к курсовой, дипломной, научной работам: Памятка

Dades bibliogràfiques
Autor corporatiu: Томский политехнический институт
Idioma:rus
Publicat: Томск, Изд-во ТПИ, 1983
Matèries:
Format: Llibre
KOHA link:https://koha.lib.tpu.ru/cgi-bin/koha/opac-detail.pl?biblionumber=26275

MARC

LEADER 00000nam0a2200000 4500
001 26275
005 20231030201535.0
035 |a (RuTPU)RU\TPU\book\26517 
035 |a BOOK00026592 
090 |a 26275 
100 |a 20011209d1983 m y0rusy50 ca 
101 0 |a rus 
102 |a RU 
105 |a y z 000zy 
200 1 |a Основные правила оформления списка литературы к курсовой, дипломной, научной работам  |e Памятка  |f Томский политехнический институт 
210 |a Томск  |c Изд-во ТПИ  |d 1983 
215 |a 21 с. 
610 1 |a библиография 
610 1 |a литература 
610 1 |a список 
610 1 |a оформление 
610 1 |a правила 
610 1 |a курсовые работы 
610 1 |a дипломные работы 
686 |a Ч754  |v LBC/SL-A  |2 rubbk 
712 0 2 |a Томский политехнический институт  |2 stltpush  |3 (RuTPU)RU\TPU\col\1123 
801 0 |a RU  |b 63413507  |c 20011209  |g PSBO 
801 2 |a RU  |b 63413507  |c 20100120  |g PSBO 
942 |c BK